Pastoral en la escuela católica

محفوظ في:
التفاصيل البيبلوغرافية
المؤلفون الرئيسيون: Alburquerque Frutos, Eugenio (مؤلف), Astorgano, Angel (مؤلف), Riu, Francesc (مؤلف)
التنسيق: كتاب
اللغة:الإسبانية
منشور في: Madrid CCS 2012
الطبعة:1a. ed
سلاسل:Agentes PJ, 10
الموضوعات:
الوسوم: إضافة وسم
لا توجد وسوم, كن أول من يضع وسما على هذه التسجيلة!

MARC

LEADER 00000cam a2200000 a 4500
001 UCF8599
003 CL-VaPUC
008 130930e20120000sp |||||||||||||||||spa|d
020 |a 9788490230152 
082 0 4 |a 261  |b ALB  |2 21 
100 0 |a Alburquerque Frutos, Eugenio  |e author  |9 570709 
700 0 |a Astorgano, Angel  |e author  |9 570710 
700 0 |a Riu, Francesc  |e author  |9 570711 
245 1 0 |a Pastoral en la escuela católica 
250 |a 1a. ed 
300 |a 101 p 
942 |c BK 
945 |d 20130930 13:19:00  |a dcastane 
260 |a Madrid  |b CCS  |c 2012 
650 0 |a Teología social  |9 326726 
650 7 |a EVANGELIZACION  |2 CL-VaPUC  |9 570712 
650 0 |a Acción pastoral  |9 570713 
650 7 |a PASTORAL  |2 CL-VaPUC  |9 397996 
650 0 |a Iglesia Católica  |9 256114 
583 |a last modification  |c 20130930 13:19:00  |k Rodrigo Vera 
490 0 |a Agentes PJ, 10 
999 |c 353166  |d 353164 
952 |0 0  |1 0  |3 erb  |4 0  |6 261_000000000000000_ALB_2012  |7 0  |8 A  |9 458240  |a BIBTEO  |b BIBTEO  |d 2019-11-23  |i 5010233  |o 261 ALB 2012  |p 5010233  |r 2025-01-17  |w 2019-11-23  |y BK  |z Catalogado en:20130930  |k ICR 
952 |0 0  |1 0  |3 erb  |4 0  |6 261_000000000000000_ALB_2012  |7 0  |8 A  |9 458241  |a BIBTEO  |b BIBTEO  |d 2019-11-23  |i 5010241  |o 261 ALB 2012  |p 5010241  |r 2025-01-17  |w 2019-11-23  |y BK  |z Catalogado en:20130930  |k ICR